00282nam a2200121Ia 4500008004100000100002700041245002400068260002600092300000800118650001000126942000700136999001700143190216s9999||||xx |||||||||||||| ||und|| aMuhammed Israel Ansari 0aHindi-Car Ki Ghethi bPavan Prakashanc2008 a158 aHindi cBK c16539d16539